La bonne orthographe - mort subite - Statistiques

Statistiques générales
  • Ce quiz a été pris 24 731 fois
    16 164 depuis la dernière actualisation
  • Le résultat moyen est 5 sur 15
Answers on the Grid
Answers color-coded by a green-red scale on the quiz's grid according to % correct below.
Hipoppotame
Hippopotame
Langage
Language
Sinonyme
Synonyme
Reblochon
Roblochon
Aterrir
Atterrir
Trotinette
Trottinette
Méditerranée
Méditerannée
Interressant
Intéressant
Dilemme
Dilemne
Colline
Colinne
Gaufre
Gauffre
Presbytie
Presbitie
Solicitude
Sollicitude
Parmi
Parmis
Sussurrer
Susurrer
 
Statistiques - réponses
Réponse % Correct
Langage
74%
Hippopotame
73%
Synonyme
72%
Reblochon
50%
Atterrir
42%
Intéressant
31%
Trottinette
30%
Méditerranée
29%
Colline
22%
Dilemme
20%
Gaufre
15%
Parmi
14%
Presbytie
11%
Sollicitude
10%
Susurrer
6%
Aucun quiz correspondant
Distribution des résultats
% des personnes avec chaque résultat
Percentile par nombre de réponses
Votre historique - résultats
Vous n’avez pas pris ce quiz depuis la dernière actualisation